|
|
|
|
| LEADER |
01526nam a2200397Ia 4500 |
| 001 |
EBC3022530 |
| 003 |
MiAaPQ |
| 005 |
20200520144314.0 |
| 006 |
m o d | |
| 007 |
cr cn||||||||| |
| 008 |
110303s2012 nyua sb 001 0 eng d |
| 010 |
|
|
|z 2011009054
|
| 020 |
|
|
|z 1613242425 (softcover)
|
| 020 |
|
|
|z 9781613242421 (softcover)
|
| 020 |
|
|
|a 9781628086096 (electronic bk.)
|
| 035 |
|
|
|a (MiAaPQ)EBC3022530
|
| 035 |
|
|
|a (Au-PeEL)EBL3022530
|
| 035 |
|
|
|a (CaPaEBR)ebr10726569
|
| 035 |
|
|
|a (OCoLC)923669038
|
| 040 |
|
|
|a MiAaPQ
|c MiAaPQ
|d MiAaPQ
|
| 050 |
|
4 |
|a G156.5.E26
|b R45 2012
|
| 082 |
0 |
4 |
|a 333.95
|2 22
|
| 100 |
1 |
|
|a Rai, Suresh Chand,
|d 1958-
|
| 245 |
1 |
0 |
|a Ecotourism and biodiversity conservation
|h [electronic resource] /
|c Suresh C. Rai.
|
| 260 |
|
|
|a New York :
|b Nova Science Publishers, Inc.,
|c c2012.
|
| 300 |
|
|
|a xii, 142 p. :
|b ill.
|
| 440 |
|
0 |
|a Tourism and hospitality development and management
|
| 490 |
1 |
|
|a Economic issues, problems and perspectives
|
| 504 |
|
|
|a Includes bibliographical references (p. [111]-123) and index.
|
| 533 |
|
|
|a Electronic reproduction. Ann Arbor, MI : ProQuest, 2015. Available via World Wide Web. Access may be limited to ProQuest affiliated libraries.
|
| 650 |
|
0 |
|a Biodiversity conservation.
|
| 650 |
|
0 |
|a Ecotourism.
|
| 655 |
|
4 |
|a Electronic books.
|
| 710 |
2 |
|
|a ProQuest (Firm)
|
| 830 |
|
0 |
|a Economic issues, problems and perspectives series.
|
| 856 |
4 |
0 |
|u https://ebookcentral.proquest.com/lib/matrademy/detail.action?docID=3022530
|z Click to View
|